Kliknij aby przetłumaczyć - rumuński - Państwa Świata - Statystyki

Ogólne statystyki
  • Ten quiz został rozwiązany 33 razy
  • Średni wynik to 23 z 24
Statystyki odpowiedzi
Hint Odpowiedź % Poprawnych
Dania Danemarca
100%
Haiti Haiti
100%
Kirgistan Kârgâzstan
100%
Czarnogóra Muntenegru
100%
Nowa Zelandia Noua Zeelandă
100%
Polska Polonia
100%
Rumunia România
100%
Vanuatu Vanuatu
100%
Zambia Zambia
100%
Republika Południowej Afryki Africa de Sud
95%
Mjanma Birmania
95%
Francja Franța
95%
Łotwa Letonia
95%
Katar Qatar
95%
Wyspy Świętego Tomasza i Książęca São Tomé și Príncipe
95%
Jemen Yemen
95%
Wybrzeże Kości Słoniowej Coasta de Fildeș
91%
Szwajcaria Elveția
91%
Niemcy Germania
91%
Włochy Italia
91%
Japonia Japonia
91%
Timor Wschodni Timorul de Est
91%
Węgry Ungaria
91%
Holandia Olanda
86%
Nie znaleziono quizów pasujących do podanych kryteriów
Rozkład punktacji
Procent ludzi z każdym wynikiem
Percentyl według liczby udzielonych odpowiedzi
Twoja historia wyników
Nie rozwiązałeś tego quizu